Statistics for 1990s Rock Albums by Tracks

Click here to take the quiz!

General Stats

  • This quiz has been taken 82 times
  • The average score is 7 of 17

Answer Stats

TracksAlbum% Correct
On a Plain, Lithium, Come As You AreNevermind
93%
Wherever I May Roam, Unforgiven, Enter SandmanMetallica
67%
Even Flow, Alive, BlackTen
67%
Basket Case, When I Come Around, Long ViewDookie
64%
Under the Bridge, Give It Away, Breaking the GirlBlood Sugar Sex Magik
53%
In the Garage, Buddy Holly, Undone (The Sweater Song)Weezer
50%
Down in a Hole, Angry Chair, RoosterDirt
49%
Today, Rocket, DisarmSiamese Dream
38%
Live Forever, Supersonic, Rock 'n' Roll StarDefinitely Maybe
36%
High and Dry, Fake Plastic Trees, JustThe Bends
35%
This is a Call, I'll Stick Around, Big MeFoo Fighters
33%
Everybody Hurts, Sweetness Follows, Man on the MoonAutomatic for the People
32%
Closer, Piggy, HurtThe Downward Spiral
29%
Outshined, Rusty Cage, Jesus Christ PoseBadmotorfinger
28%
Intolerance, Prison Sex, SoberUndertow
28%
Wicked Garden, Creep, PlushCore
25%
Selling the Drama, Lightning Crashes, I AloneThrowing Copper
18%

Score Distribution

Percentile by Number Answered

Percent of People with Each Score

Your Score History

You have not taken this quiz